Top 50 Baby Boy Names Beginning with K - Statistics

General Stats
  • This quiz has been taken 643 times
  • The average score is 14 of 50
Answer Stats
Hint Answer % Correct
5 Kevin
84%
21 Kyle
78%
12 Kenneth
75%
14 Kaden
62%
4 Kaiden
62%
2 Kayden
62%
1 Kai
60%
45 Keith
56%
24 Kade
44%
20 Kameron
43%
16 Karson
41%
6 Karter
41%
9 Kaleb
36%
23 Killian
36%
7 King
36%
15 Kash
33%
32 Kaison
31%
22 Kane
31%
34 Kasen
31%
25 Kason
31%
41 Kaysen
31%
19 Kayson
31%
13 Kyler
30%
11 Kobe
28%
50 Kellan
27%
27 Kendrick
27%
3 Kingston
27%
29 Kolton
27%
35 Kamden
25%
36 Keegan
24%
31 Kian
19%
30 Kylo
17%
46 Kingsley
15%
10 Knox
14%
44 Kyree
14%
8 Kyrie
14%
43 Koda
11%
38 Kylan
11%
33 Kyson
11%
39 Kannon
10%
42 Koa
10%
37 Keanu
9%
17 Khalil
9%
18 Kairo
8%
28 Kashton
7%
48 Kohen
7%
40 Kenzo
5%
26 Kamari
4%
47 Kareem
4%
49 Khari
2%
No matching quizzes found
Score Distribution
Percent of People with Each Score
Percentile by Number Answered
Your Score History
You have not taken this quiz